[Event "10th KiiT Festival 2017"]
[Site "Bhubaneshwar"]
[Date "2017.05.31"]
[Round "8"]
[White "Raahul V S"]
[Black "Dixit, Nikhil"]
[Result "0-1"]
[WhiteElo "2311"]
[BlackElo "2101"]
[Annotator "TA"]
[PlyCount "62"]
[EventDate "2017.05.26"]
[EventType "swiss"]
[EventCountry "IND"]
[SourceTitle "playchess.com"]
[Source "ChessBase"]
[SourceQuality "1"]

{[%evp 17,62,6,24,0,50,40,58,0,14,0,0,-37,-35,-48,-51,-64,-60,-59,-71,-87,-89,-87,-103,-209,-209,-208,-180,-211,-206,-217,-211,-218,-212,-227,-133,-158,-157,-351,-360,-1770,-1764,-1742,-1719,-1631,-1597,-1486,-847]} 1. c4 g6 2. Nc3 Bg7 3. Nf3 Nf6 4. g3 O-O 5. Bg2 d6 6. d4 Nbd7 7. O-O a6 8. Qc2 c5 {E67: King's Indian: Fianchetto: 6...Nbd7} (8... c6 9. b3 Qc7 10. Rd1 b5 11. Nd2 Bb7 12. Bb2 Rac8 13. e4 e5 14. Ne2 Rfe8 15. Rac1 Qb8 16. Qb1 exd4 17. Bxd4 {1-0 (48) Plat,V (2465)-Petenyi,T (2462) Slovakia 2016}) 9. b3 Rb8 {LiveBook: 3 Games} (9... b5 $5) 10. Bb2 Qa5 {The position is equal.} 11. Rfd1 $146 ({Predecessor:} 11. a4 cxd4 12. Nxd4 Qh5 13. Rfd1 Ne5 14. Nd5 Nxd5 15. cxd5 Bh3 16. Qd2 Rbc8 17. Rac1 Rxc1 18. Rxc1 {½-½ (18) Gruenfeld,E-Lokvenc,J Vienna 1931}) 11... b5 12. cxb5 axb5 13. dxc5 Nxc5 14. Nd4 {[#] Black must now prevent b4!} Bd7 15. a3 {aiming for b4.} b4 16. axb4 Qxb4 {[%cal Rc5b3]} 17. Ba3 Qb6 18. b4 Ne6 {[%cal Bc5e6,Be6g5,Bg5h3][%mdl 32]} 19. e3 Rfc8 20. Nde2 (20. Qd2 $17 {was called for.}) 20... Ng5 $19 21. Rac1 Nh3+ 22. Bxh3 Bxh3 23. Qd3 Qb7 {[%csl Gh3][%cal Rb7g2]} 24. e4 Qa7 $40 {[%mdl 128] Black wants a kill.} 25. Nb5 {[#]} Qa6 (25... Rxb5 $1 $19 {[%mdl 512]} 26. Qxb5 Rxc1 27. Bxc1 Ng4 28. Qe8+ Bf8) 26. Rxc8+ Rxc8 27. f3 $2 (27. Bb2 $17) 27... Qb6+ 28. Kh1 $2 (28. Nbd4 e5 29. Bb2) 28... Qf2 {[%csl Gf2][%cal Rh3g2] Black is clearly winning.} 29. Nf4 Rc2 30. Qxc2 Qxc2 {[%cal Rc2d1]} 31. Rc1 Qa4 {Precision: White = 38%, Black = 68%.} 0-1

[Event "10th KiiT Festival 2017"]
[Site "Bhubaneshwar"]
[Date "2017.05.31"]
[Round "8"]
[White "Mitrabha, Guha"]
[Black "Soham Datar"]
[Result "1-0"]
[WhiteElo "2299"]
[BlackElo "2030"]
[Annotator "TA"]
[PlyCount "83"]
[EventDate "2017.05.26"]
[EventType "swiss"]
[EventCountry "IND"]
[SourceTitle "playchess.com"]
[Source "ChessBase"]
[SourceQuality "1"]

{[%evp 14,82,44,35,56,50,47,39,56,12,33,9,36,7,16,18,23,20,29,33,52,37,53,54,55,42,57,17,46,40,37,37,53,47,47,47,47,23,74,57,74,50,73,59,104,99,94,94,325,328,355,337,417,237,395,325,5562,588,1766,1764,1149,1103,29976,29977,29985,29986,29997,29998,29998,29999,29999]} 1. d4 g6 2. g3 Bg7 3. Nf3 Nf6 4. Bg2 O-O 5. O-O d6 6. c4 Nc6 7. Nc3 a6 8. Qd3 Bd7 {E63: King's Indian: Fianchetto: Panno Variation with 7...a6} (8... e5 9. d5 Nb4 10. Qd1 a5 11. h3 Bf5 12. Nh4 Bd7 13. e4 c6 14. Be3 Ne8 15. Nf3 f5 16. a3 Na6 {1-0 (50) Kovalenko,I (2700)-Korobov,A (2700) Berlin 2015}) 9. d5 Nb4 10. Qd1 a5 $1 {White is slightly better.} 11. Be3 c6 12. h3 Na6 $146 ({Predecessor:} 12... e5 13. dxe6 Bxe6 14. b3 d5 15. Nd4 Qe7 16. a3 Na6 17. Nxe6 fxe6 18. cxd5 exd5 19. Bd4 {½-½ (19) Jianu,V (2502)-Timoshenko,G (2572) Brasov 2011}) 13. Bd4 Nc5 14. Re1 cxd5 15. Nxd5 Nxd5 16. cxd5 b5 17. h4 h5 18. Bxg7 Kxg7 19. Qd4+ f6 20. e4 Rc8 21. Qe3 b4 22. Nd4 a4 23. f4 e5 24. dxe6 $1 Nxe6 25. Rad1 {White wants to play Ne2.} a3 (25... Nxd4 $11 {remains equal.} 26. Qxd4 Bg4) 26. bxa3 Rc3 27. Qf2 Nxd4 28. Rxd4 bxa3 29. Rxd6 Qc7 30. Qd4 Rf7 $2 (30... Bg4 $16) 31. e5 $18 {[%cal Be4e5,Be5f6][%mdl 32]} Rxg3 32. exf6+ Kg8 33. Qd5 (33. Kf2 $142 Rxg2+ 34. Kxg2 Qc2+ 35. Kg1) 33... Qa7+ $2 (33... Rg4 {keeps fighting.}) 34. Kf1 {Re7 is the strong threat.} Bh3 $2 (34... Rg4) 35. Rd8+ (35. Re8+ $142 Kh7 36. Bxh3 Qg1+ 37. Ke2 Qh2+ 38. Kd1 Qg1+ 39. Re1) 35... Kh7 {[#]} 36. Qxf7+ $3 {[%mdl 512]} Qxf7 {[#]} 37. Re7 $1 {[%cal Re7f7]} Be6 38. Bd5 {White mates.} Bxd5 39. Rxd5 Kg8 40. Rd8+ Qf8 41. Rg7+ Kh8 42. Rxf8# {Precision: White = 41%, Black = 31%.} 1-0

[Event "10th KiiT Festival 2017"]
[Site "Bhubaneshwar"]
[Date "2017.05.31"]
[Round "8"]
[White "Ziatdinov, Raset"]
[Black "Krishnater Kushager"]
[Result "1-0"]
[WhiteElo "2291"]
[BlackElo "1953"]
[Annotator "TA"]
[PlyCount "107"]
[EventDate "2017.05.26"]
[EventType "swiss"]
[EventCountry "IND"]
[SourceTitle "playchess.com"]
[Source "ChessBase"]
[SourceQuality "1"]

{[%evp 20,107,36,38,19,28,33,29,22,16,20,25,39,-20,-10,-13,56,63,62,64,60,38,35,23,70,85,75,29,33,27,26,5,5,6,13,11,11,5,18,0,0,0,0,0,0,0,10,0,0,0,0,0,0,0,0,0,0,0,0,0,0,0,0,0,0,0,45,30,43,51,50,50,97,106,112,16,51,20,8,20,62,4,79,85,270,270,12845,12845,12845,12845]} 1. e4 e5 2. Nf3 Nc6 3. Bb5 {[%cal Bf1b5,Bb5a4,Ba4b3][%mdl 32]} a6 4. Ba4 Nf6 5. O-O Be7 6. Re1 b5 7. Bb3 d6 8. c3 {[%cal Bc2c3,Bc3d4][%mdl 32]} O-O 9. h3 Bb7 10. d4 Re8 11. Nbd2 exd4 {C92: Closed Ruy Lopez: 9...Be6, Karpov and Flohr-Zaitsev Variations} (11... Bf8 12. a3 g6 13. Ba2 Bg7 14. b4 exd4 15. cxd4 a5 16. Qb3 Qd7 17. Bb2 axb4 18. axb4 Ra4 19. Bc3 Nh5 20. Bb1 Rxa1 21. Bxa1 Nf4 22. Bc3 {1-0 (77) Inarkiev,E (2723)-Oparin,G (2625) Moscow 2017}) 12. cxd4 Nd7 13. Nf1 Na5 {White has an edge.} 14. Bc2 Bf6 15. Bf4 c5 16. Bxd6 (16. b4 $14 cxb4 17. Bxd6) 16... cxd4 $11 {Threatening ...Nc4.} 17. Qd3 {e5 is the strong threat.} Ne5 $146 (17... g6 $11) ({Predecessor:} 17... g6 18. b3 Nc6 19. Rad1 Rc8 20. Ng3 {½-½ (47) Musovic,S (2060)-Popovic,A (2268) Belgrade 2014}) 18. Bxe5 $14 Bxe5 19. Nxe5 Rxe5 20. Nd2 Rc8 21. Rad1 Rec5 22. Bb1 $1 g6 23. Nb3 Nxb3 24. axb3 R8c7 25. Qxd4 Qxd4 26. Rxd4 Bc8 27. Bd3 Be6 28. b4 Rc1 29. Kf1 Bc4 30. b3 Bxb3 31. Rxc1 Rxc1+ $11 {[%mdl 4096] Endgame KRB-KRB} 32. Ke2 Rg1 33. g3 Be6 34. h4 h5 35. Kd2 Ra1 36. Rd6 Ra2+ 37. Ke3 Ra4 38. Rd4 (38. f4 $5 {[%cal Rf4f5]}) 38... Ra3 39. Kf4 Ra2 40. f3 Rf2 41. Ke3 Rg2 42. Rd6 Rxg3 43. Rxa6 g5 44. hxg5 h4 45. Bxb5 Rg1 {White must now prevent ...h3.} 46. Kf2 Rb1 {[#]} 47. Bd3 (47. g6 $1 $16) 47... Rxb4 48. Ra1 Rb2+ 49. Ke3 {Threatens to win with f4.} Rg2 50. Kf4 ({Better is} 50. f4 $14) 50... Kg7 (50... h3 $11 {keeps the balance.}) 51. Rh1 $16 Kg6 $2 (51... Rd2 $16 {is a better defense.}) 52. Rxh4 $18 Rxg5 $2 {[#]} (52... Kg7 53. Rh6 Ra2) 53. e5+ $1 Bf5 54. Rh8 {Precision: White = 58%, Black = 49%.} 1-0

[Event "10th KiiT Festival 2017"]
[Site "Bhubaneshwar"]
[Date "2017.05.31"]
[Round "8"]
[White "Kaustuv, Kundu"]
[Black "Hari Madhavan N B"]
[Result "1-0"]
[WhiteElo "2274"]
[BlackElo "1970"]
[Annotator "TA"]
[PlyCount "103"]
[EventDate "2017.05.26"]
[EventType "swiss"]
[EventCountry "IND"]
[SourceTitle "playchess.com"]
[Source "ChessBase"]
[SourceQuality "1"]

{[%evp 9,103,-13,17,16,21,10,18,22,18,1,10,0,2,12,8,-5,39,-4,5,15,14,7,0,0,15,-16,-21,0,0,-16,0,-52,-44,-58,-8,-53,-15,-20,-6,-79,-62,-150,-32,-62,-29,-68,-70,-77,-81,-230,-121,-117,-127,-103,-95,-125,-31,-38,-9,-153,-157,-131,-164,-153,-151,-137,0,0,10,10,10,9,6,13,10,10,86,16,83,83,95,85,146,156,152,147,912,899,965,883,881,798,720,721,710,680]} 1. Nf3 d5 2. c4 c6 3. g3 Nf6 4. Bg2 h6 (4... dxc4 5. O-O Nbd7 6. Na3 Nb6 7. Qc2 Be6 8. Ne5 h5 9. b3 cxb3 10. axb3 h4 11. Bb2 Qc8 12. Rfc1 hxg3 13. hxg3 Bd5 14. Nf3 g6 15. Nc4 {½-½ (41) Adams,M (2761)-So,W (2822) Shamkir 2017}) 5. Qa4 $146 ({Predecessor:} 5. d3 Bf5 6. cxd5 cxd5 7. Qb3 Qc8 8. Nc3 e6 9. O-O Nc6 10. Bf4 a6 11. Na4 {1-0 (19) Lagno,K (2542)-Akbaev,K (2475) Khanty-Mansiysk 2013}) 5... Nbd7 6. cxd5 {A11: English Opening: 1...c6} cxd5 7. d3 e6 8. O-O {The position is equal.} Bc5 9. e4 dxe4 10. dxe4 O-O 11. Nc3 e5 12. Qc4 a6 13. b4 b5 14. Qb3 Ba7 15. Bb2 Bb7 16. Rad1 {Black must now prevent Nxe5!} Qc7 17. Nh4 (17. Rc1 {keeps more tension.} Qd8 18. Nh4 Nb6 19. Rfd1 Qb8 20. Nf5) 17... Nb6 18. Nd5 Nfxd5 19. exd5 Nc4 20. Ba1 (20. d6 $11 Qd7 21. Bxb7 Qxb7 22. Nf5) 20... Qd7 21. Qf3 Rfe8 22. Rfe1 (22. Nf5 $5 {[%cal Rf3g4]} Nd6 23. Nxd6 Qxd6 24. Rfe1 $11) 22... g6 23. Bf1 {White wants to play Bxc4.} Qd6 24. Qe4 (24. Bxc4 $11 bxc4 25. Ng2) 24... Rad8 $17 {[%cal Rb7d5]} 25. Bg2 (25. Bxc4 $15 bxc4 26. Bxe5 Qxb4 27. Qf3 Rxd5 28. Bc3 Rxd1 29. Qxd1 Rxe1+ 30. Qxe1) 25... Qf6 (25... Qxb4 26. Nxg6 $1 {[%mdl 512]} Bxd5 27. Qf5 $11) (25... f5 $17 26. Qc2 Re7) 26. Nf3 $15 Qb6 27. Rf1 {[%cal Rf3e5]} Qd6 {[%cal Rb7d5]} 28. Qh4 g5 $36 {[%mdl 2048] White is under strong pressure.} (28... Bxd5 $6 29. Nxe5 g5 30. Bxd5 $14) 29. Qg4 (29. Qh5 $17 {keeps fighting.}) 29... Qg6 (29... e4 $1 $19 {Hoping for ...e3.} 30. Nxg5 hxg5) 30. Nd2 $17 Nxd2 (30... Bxd5 31. Bxd5 Rxd5 32. Nxc4 $16) 31. Rxd2 e4 32. Qd1 Qf5 (32... e3 $17 33. fxe3 Bxe3+ 34. Kh1 Bxd2 35. Qxd2 Rd7) 33. d6 Qe6 {Strongly threatening ...e3.} 34. d7 (34. Bd4 $1 $11 Bxd4 35. Rxd4) 34... Re7 {[%cal Be8e7,Be7d7,Bd7d1][%mdl 32] aiming for ...e3.} 35. Rd6 Rexd7 36. Rxe6 Rxd1 37. Rxh6 {[%csl Ga1][%cal Rh6h8]} f6 ({Better is} 37... Rxf1+ $1 $17 38. Bxf1 Bd4 39. Bxd4 Rxd4) 38. Rg6+ $1 $11 ({Avoid the trap} 38. Rxf6 $2 Rxf1+ 39. Bxf1 Rd1 $19) (38. Bxf6 $2 e3 $1 $19 {[%mdl 512]}) 38... Kh7 (38... Kf8 $5 {[%cal Rd1f1]} 39. Rxf6+ Ke7 $11) 39. Rxf6 e3 40. fxe3 ({Don't go for} 40. Bxb7 $2 e2 $19) 40... Bxe3+ 41. Kh1 $1 Rxf1+ 42. Rxf1 Bxg2+ 43. Kxg2 {[%mdl 4096] Endgame KRB-KRB} Rd2+ (43... g4 $1 $11 {remains equal.}) 44. Kf3 $16 Bb6 45. Kg4 {And now Rf6 would win.} Rxh2 ({Black should play} 45... Rxa2 46. Rf6 (46. Kxg5 Be3+ 47. Kf5 Rxh2 $14) 46... Be3) 46. Kxg5 Be3+ 47. Kf5 Rxa2 $2 {[%mdl 8192] [#]} (47... Bh6 $16) 48. Rh1+ $1 $18 {White is clearly winning.} Kg8 49. Kg6 {[%csl Ga1][%cal Rh1h8]} Kf8 50. Bg7+ Ke7 51. Re1 Ra3 52. Bd4 {Precision: White = 55%, Black = 41%.} 1-0

[Event "10th KiiT Festival 2017"]
[Site "Bhubaneshwar"]
[Date "2017.05.31"]
[Round "8"]
[White "Thanki, Hemal Karsanji"]
[Black "Murshed, Niaz"]
[Result "1-0"]
[WhiteElo "2182"]
[BlackElo "2423"]
[Annotator "TA"]
[PlyCount "80"]
[EventDate "2017.05.26"]
[EventType "swiss"]
[EventCountry "IND"]
[SourceTitle "playchess.com"]
[Source "ChessBase"]
[SourceQuality "1"]

{[%evp 20,80,33,47,86,84,94,82,87,81,100,96,101,62,76,64,152,149,331,308,345,353,458,434,441,408,647,366,384,395,395,387,383,360,390,281,286,282,317,323,277,252,256,230,310,262,370,364,376,381,472,496,539,554,631,626,614,582,700,691,688,737,704]} 1. e4 c5 2. Nf3 Nc6 3. Bb5 g6 4. Bxc6 bxc6 5. O-O Bg7 6. Re1 e5 7. c3 Ne7 8. d4 cxd4 9. cxd4 exd4 10. Nxd4 O-O 11. Nc3 {LiveBook: 71 Games} Qc7 {B31: Sicilian: 2...Nc6 3 Bb5 g6} (11... d5 12. exd5 cxd5 13. Bg5 f6 14. Bf4 Re8 15. Qe2 Bd7 16. Qa6 Qb6 17. Qxb6 axb6 18. Rad1 Kf7 19. Ndb5 Bxb5 20. Nxb5 {1-0 (32) Motylev,A (2663)-Gilyazov,A (2306) Sochi 2016}) 12. Bg5 Re8 13. Qd2 Ba6 {White is better.} 14. Rac1 $146 ({Predecessor:} 14. Rad1 Rad8 15. Qc1 Qb7 16. e5 Rb8 17. Nb3 Nd5 18. Nc5 Qc8 19. Bf4 {½-½ (44) Sihite,C (2014)-Docena,J (2033) Khanty-Mansiysk 2010}) 14... Qb6 15. Be3 {And now Nf5 would win.} Qb8 16. Nb3 {[%cal Bd4b3,Bb3c5,Bc5b7,Bb7d6][%mdl 32]} Bc4 17. Bf4 Qd8 (17... Qb4 $14) 18. Nc5 $16 d5 $2 {[#]} (18... Be6 $16 {was called for.} 19. N3a4 Qc8) 19. b3 $18 Qa5 20. Nb7 (20. bxc4 Qxc5 21. cxd5 cxd5 $18) 20... Qa6 21. Nd6 ({Not} 21. bxc4 Qxb7 22. exd5 (22. cxd5 cxd5 23. Nxd5 Nxd5 $16) 22... cxd5 $16) 21... d4 22. Na4 ({Weaker is} 22. bxc4 dxc3 23. Rxc3 Qa5 $18) 22... Be6 (22... Bb5 $142 23. Nc5 Qa3 24. Nxe8 Rxe8) 23. Nc5 Qb6 24. Nxe6 fxe6 25. Nxe8 Rxe8 26. Bd6 e5 27. Red1 Nc8 28. Bc5 Qd8 29. Rc4 {[%cal Bc1c4,Bc4b4,Bb4b7][%mdl 32]} Re6 30. g3 h5 31. Kg2 g5 32. h3 Qf6 (32... Nb6 {is a better defense.} 33. Rc2 Rh6) 33. Qe2 Qg6 34. Rb4 Kh7 35. Rb7 {White is clearly winning.} Kh6 36. h4 gxh4 37. Qd2+ Kh7 38. Bf8 Qxe4+ 39. f3 {[#] White threatens Qg5 and mate.} h3+ 40. Kh2 {White wants to mate with Qg5.} Qxf3 {Precision: White = 66%, Black = 32%.} 1-0

[Event "10th KiiT Festival 2017"]
[Site "Bhubaneshwar"]
[Date "2017.05.31"]
[Round "8"]
[White "Sahu, Sekhar Chandra"]
[Black "Padmini, Rout"]
[Result "1-0"]
[WhiteElo "2167"]
[BlackElo "2380"]
[Annotator "TA"]
[PlyCount "51"]
[EventDate "2017.05.26"]
[EventType "swiss"]
[EventCountry "IND"]
[SourceTitle "playchess.com"]
[Source "ChessBase"]
[SourceQuality "1"]

{[%evp 13,51,40,44,30,37,36,99,112,112,113,108,125,127,122,135,125,276,279,276,285,268,269,278,264,266,274,287,256,306,272,260,262,274,234,226,238,397,401,545,541]} 1. e4 c5 2. Nf3 a6 3. c3 d5 4. exd5 Qxd5 5. d4 Nf6 6. Be2 e6 7. O-O Nc6 8. Bf4 {B28: Sicilian: 2 Nf3 a6 (O'Kelly Variation)} (8. Be3 cxd4 9. Nxd4 Nxd4 10. Bxd4 Bd7 11. Bf3 Qd6 12. Bxb7 Rb8 13. Bf3 Rxb2 14. Nd2 Qc7 15. Nb3 Bd6 16. Qc1 Ba3 17. Qg5 {0-1 (32) Sengupta,D (2589)-Sethuraman,S (2651) Thiruvarur 2015}) 8... Be7 9. Ne5 Qd8 $146 ({Better is} 9... Nxe5 $14 10. Bxe5 O-O) ({Predecessor:} 9... Nxe5 10. Bxe5 cxd4 11. cxd4 O-O 12. Nc3 Qd8 13. Bf3 Nd7 14. Bf4 Qb6 15. Na4 Qb5 {0-1 (69) Malmdin,N (2142)-Kozlovskaya,V (2223) Vienna 2015}) 10. Nxc6 $16 {White is better.} bxc6 11. dxc5 Qxd1 12. Rxd1 Bxc5 13. Nd2 {[%cal Bb1d2,Bd2c4,Bc4d6][%mdl 32]} Bb7 14. Nc4 Nd5 $2 {[#]} (14... O-O $16 {is a better defense.}) 15. Bd6 $18 Ba7 16. Ba3 O-O-O 17. Nd6+ Rxd6 18. Bxd6 Rd8 19. Bg3 Re8 20. c4 Ne7 21. Be5 c5 22. Rd3 f6 23. Bd6 Nf5 24. Bg4 {Re1 is the strong threat.} Nxd6 $2 (24... Nd4 {was worth a try.} 25. Re1 Kd7) 25. Rxd6 f5 {[#]} 26. Rxe6 $1 {[%mdl 512] Precision: White = 95%, Black = 52%.} 1-0

[Event "10th KiiT Festival 2017"]
[Site "Bhubaneshwar"]
[Date "2017.05.31"]
[Round "8"]
[White "Jeet, Jain"]
[Black "Raghunandan, Kaumandur Srihari"]
[Result "0-1"]
[WhiteElo "2151"]
[BlackElo "2410"]
[Annotator "TA"]
[PlyCount "48"]
[EventDate "2017.05.26"]
[EventType "swiss"]
[EventCountry "IND"]
[SourceTitle "playchess.com"]
[Source "ChessBase"]
[SourceQuality "1"]

{[%evp 21,48,-15,-10,0,0,0,16,-72,-59,-54,-38,-55,-25,-45,-23,-75,-138,-164,-74,-118,-98,-250,-241,-257,-261,-266,-240,-1616,-1607]} 1. e4 c5 2. Nf3 Nc6 3. Nc3 d6 4. Bc4 e6 5. d4 cxd4 6. Nxd4 a6 7. O-O Be7 8. Be3 Nf6 9. Bb3 O-O 10. Kh1 Qc7 11. f4 Na5 12. g4 {B88: Sicilian: Sozin Attack} (12. f5 Nxb3 13. axb3 Bd7 14. Qf3 b5 15. fxe6 fxe6 16. Qh3 Kh8 17. Nf3 b4 18. Ng5 h6 19. Na4 e5 20. Ne6 Bxe6 21. Qxe6 Nxe4 {0-1 (52) Escobar Forero,A (2518)-Blandon,L (2271) Medellin 2015}) 12... d5 $146 ({Predecessor:} 12... Nxb3 13. axb3 d5 14. exd5 Nxd5 15. Nxd5 exd5 16. c3 Re8 17. Qf3 Bc5 18. Rae1 Bd7 19. Kg1 Re4 20. b4 Bd6 21. Ne2 {½-½ (49) Evans,C-Taylor,R (2047) Monmouth 2004}) 13. e5 Ne4 14. Nce2 (14. Nxd5 $11 exd5 15. Bxd5) 14... Nc4 $17 15. Bc1 Bd7 16. c3 f6 17. exf6 Rxf6 18. g5 (18. Ng3 $11 {remains equal.}) 18... Rf7 (18... Rff8 $142) 19. Nf3 {[#]} Bd6 $36 {[%mdl 2048] White is under strong pressure.} (19... Raf8 $1 $19 {and Black stays clearly on top.} 20. Ng3 Bd6) 20. Bc2 Qb6 {[#] White must now prevent ...Nf2+.} 21. Kg2 $2 (21. g6 $1 $17 {[%mdl 512] was worth a try.} Rf6 (21... hxg6 22. Bxe4) 22. gxh7+ Kh8 23. Nfd4) 21... Raf8 $19 {[%cal Rd6f4]} ({Weaker is} 21... Nxb2 22. Rb1 $15) 22. b3 Ne3+ ({Don't take} 22... Bxf4 23. Nxf4 Ne3+ 24. Bxe3 $17) 23. Bxe3 Qxe3 24. Qd4 $2 (24. Qd3 Bxf4 25. Rae1) 24... Qxe2+ {Precision: White = 30%, Black = 83%.} 0-1

[Event "10th KiiT Festival 2017"]
[Site "Bhubaneshwar"]
[Date "2017.05.31"]
[Round "8"]
[White "Wagh Suyog"]
[Black "Khusenkhojaev, Muhammad"]
[Result "0-1"]
[WhiteElo "2138"]
[BlackElo "2433"]
[Annotator "TA"]
[PlyCount "41"]
[EventDate "2017.05.26"]
[EventType "swiss"]
[EventCountry "IND"]
[SourceTitle "playchess.com"]
[Source "ChessBase"]
[SourceQuality "1"]

{[%evp 9,41,10,28,-5,57,56,86,35,33,-97,-62,-61,-68,-114,-100,-86,-86,-106,-98,-106,-112,-116,-127,-127,-125,-132,-114,-143,-135,-154,-149,-161,-162,-275]} 1. c4 Nf6 2. Nc3 d5 3. cxd5 Nxd5 4. Nf3 g6 5. Qc2 (5. Qb3 Nb6 6. d4 Bg7 7. e4 Bg4 8. Bb5+ c6 9. Ng5 O-O 10. Be2 Bxe2 11. Nxe2 Na6 12. Qh3 h6 13. Nf3 h5 14. Rg1 Nb4 15. g4 {1-0 (31) Wojtaszek,R (2745)-Mamedyarov,S (2772) Shamkir 2017}) 5... Nc6 6. d4 {A16: English Opening: 1...Nf6 with ...d5} Bg7 (6... e5 $11 7. dxe5 Ndb4) 7. e4 $14 Ndb4 8. Qa4 ({White should play} 8. Qb3 $16 Bg4 9. d5 Bxf3 10. dxc6 (10. gxf3 $2 Nd4 $19) 10... Nd3+ 11. Bxd3 Qxd3 12. gxf3 Qxf3 13. Rg1 bxc6 14. Bd2) 8... Bd7 $1 9. Qd1 $146 ({Not} 9. d5 $2 Nd4 $19) (9. Qb3 $1 $14 {stays ahead.} Bxd4 10. Nd5 (10. Nxd4 $2 Nxd4 11. Qd1 Ndc2+ 12. Ke2 Nxa1 $19)) ({Predecessor:} 9. Qb3 Bxd4 10. Nd5 Be6 11. Bc4 a5 12. Nxb4 axb4 13. Bxe6 fxe6 {½-½ (35) Bartel,M (2625)-Dragun,K (2594) Poznan 2016}) 9... Nxd4 10. Nxd4 Bxd4 11. Bh6 e6 {Threatens to win with ...Qh4.} 12. Qd2 Qe7 13. Rd1 O-O-O 14. a3 Nc6 15. Be2 f6 16. Be3 Bxe3 17. Qxe3 Kb8 18. Bb5 a6 {Black is clearly better.} 19. Ba4 Ne5 {[#] Hoping for ...Bxa4.} 20. Bb3 Bb5 21. a4 {Precision: White = 28%, Black = 69%.} (21. Nxb5 {was called for.} axb5 22. O-O) 0-1

[Event "10th KiiT Festival 2017"]
[Site "Bhubaneshwar"]
[Date "2017.05.31"]
[Round "8"]
[White "Lama, Himal"]
[Black "Muthaiah AL"]
[Result "0-1"]
[WhiteElo "2073"]
[BlackElo "2289"]
[Annotator "TA"]
[PlyCount "106"]
[EventDate "2017.05.26"]
[EventType "swiss"]
[EventCountry "IND"]
[SourceTitle "playchess.com"]
[Source "ChessBase"]
[SourceQuality "1"]

{[%evp 15,106,16,18,0,0,-16,-11,-11,-19,-6,11,-22,-10,-19,-10,-5,0,0,0,-21,-15,-17,-19,-16,-16,-13,-14,-17,0,0,0,-14,-5,-22,-17,-16,-20,-25,-17,-31,-34,-29,-23,-23,-24,-26,-12,-17,-13,-13,-25,-29,-29,-39,-32,-49,-49,-101,-66,-49,-58,-132,-69,-276,-247,-244,-215,-284,-173,-173,-173,-169,-107,-107,-106,-160,-98,-98,-84,-476,-476,-1010,-1035,-917,-859,-733,-476,-1128,-1034,-992,-791,-5122,-5122]} 1. e4 c6 2. Nf3 d5 3. Nc3 dxe4 4. Nxe4 Nf6 5. Nxf6+ exf6 6. d4 Bd6 7. Be2 O-O 8. O-O Re8 9. Nd2 $146 {[%cal Bf3d2,Bd2c4,Bc4e5,Be5d3,Bd3c5][%mdl 32] B15: Caro-Kann: 3 Nc3: 3...g6 and 3...dxe4 4 Nxe4 Nf6 5 Nxf6+ exf6} ({Predecessor:} 9. c4 Nd7 10. Bd3 Nf8 11. h3 Ng6 12. Qc2 Qa5 13. c5 Bb8 14. Bd2 Qd8 15. Rfe1 Be6 16. Bc4 Nf8 {0-1 (47) Nepomniachtchi,I (2767)-Carlsen,M (2840) Doha 2016}) 9... Nd7 10. Bf3 Bc7 11. Re1 {The position is equal.} Rxe1+ 12. Qxe1 f5 13. Nc4 Nf6 14. c3 Be6 15. Ne5 Qe7 16. Nd3 Re8 17. Bg5 h6 18. Bxf6 Qxf6 19. Nc5 Bd7 20. Qd2 Bc8 21. Re1 Re7 22. Rxe7 Qxe7 23. Qe2 Kf8 24. Qxe7+ (24. g3 {keeps more tension.} f4 25. a3 g6 26. Kg2 Qxe2 27. Bxe2 Ke7 28. Nd3) 24... Kxe7 $11 {[%mdl 4096] Endgame KBB-KBN} 25. Kf1 g5 {[%cal Bg7g5,Bg5g4][%mdl 32]} ({Reject} 25... Bxh2 $6 26. g3 $16) 26. Be2 g4 ({Of course not} 26... Bxh2 $6 27. g3 $16) 27. g3 f4 28. Bc4 f5 29. Nd3 f3 30. Ke1 b5 31. Bb3 a5 {[%cal Ba7a5,Ba5a4,Ba4a3][%mdl 32]} 32. Kd2 a4 33. Bc2 Kf6 34. Ke3 h5 35. Nb4 Bd7 36. b3 {[#]} ({White should try} 36. Nd3 $15) 36... a3 $1 $17 37. Nd3 Be6 38. Bb1 (38. Nf4 $15) 38... Bd6 (38... Kg5 $17) 39. Ne1 $2 (39. Nf4 $15) 39... h4 40. Nd3 {[#]} Kg5 $1 41. Ne5 c5 42. Bc2 cxd4+ 43. cxd4 hxg3 (43... Bd5 $19 44. Bb1 h3) 44. hxg3 Bd5 45. Bb1 ({Better is} 45. Nd3) 45... Kf6 ({Black should play} 45... Bf8 46. Bc2 Bh6) 46. Nd7+ Ke7 47. Nb6 $2 {[%mdl 8192]} (47. Nc5 $17) 47... Be6 $19 {Black is clearly winning.} 48. d5 (48. Kd2 $142 f4 49. d5 Bb4+ 50. Kd1 fxg3 51. fxg3) 48... Bc5+ 49. Kf4 Bf7 ({Weaker is} 49... Bxb6 50. dxe6 Bxf2 51. Bxf5 $14) 50. Nc8+ Kd8 51. Bxf5 (51. Kxf5 $142 Kxc8 52. Be4) 51... Bxd5 52. Ke5 Bxb3 53. axb3 a2 {Precision: White = 35%, Black = 65%.} 0-1